Il primo cielo

Сохранить в:
Библиографические подробности
Главный автор: Fortunato Mario
Формат:
Язык:неизвестный язык
Опубликовано: Torino Einaudi 1990
Метки: Добавить метку
Нет меток, Требуется 1-ая метка записи!

MARC

LEADER 00000nam a2200000Ia 4500
001 163
003 NUMERAZIONE-ORIGINALE-BRESCIA
005 20260206230749.0
008 260206s9999 xx 000 0 und d
100 |a Fortunato Mario 
245 0 |a Il primo cielo 
260 |a Torino 
260 |b Einaudi 
260 |c 1990 
942 |2 ddc  |c BK  |n 0 
952 |0 0  |1 0  |2 ddc  |4 0  |6 31  |7 0  |9 28359  |a BS  |b BS  |d 2026-02-06  |i 163  |l 0  |o 3-1-*  |r 2026-02-06 22:40:33  |w 2026-02-06  |x [REVISIONARE]  |y BK 
999 |c 24044  |d 24044